|
|
|
|
| LEADER |
00000nam0a2200000 4500 |
| 001 |
278964 |
| 005 |
20231101235150.0 |
| 020 |
|
|
|a RU
|b 85-40109
|
| 035 |
|
|
|a (RuTPU)RU\TPU\book\302242
|
| 090 |
|
|
|a 278964
|
| 100 |
|
|
|a 20141216d1985 k y0rusy5003 ca
|
| 101 |
0 |
|
|a rus
|
| 102 |
|
|
|a UZ
|
| 105 |
|
|
|a y z 001zy
|
| 200 |
1 |
|
|a Оптимизация режимов электрических систем
|e сборник научных статей
|f Академия наук Узбекской ССР (АН УзССР), Институт энергетики и автоматики ; под ред. Н. К. Мукумбаева
|
| 210 |
|
|
|a Ташкент
|c Фан
|d 1985
|
| 215 |
|
|
|a 144 с.
|
| 606 |
1 |
|
|a Электрические системы
|x Режим работы
|2 stltpush
|3 (RuTPU)RU\TPU\subj\27586
|9 51314
|
| 610 |
1 |
|
|a энергосистемы
|
| 610 |
1 |
|
|a оптимизация
|
| 610 |
1 |
|
|a Средняя Азия
|
| 610 |
1 |
|
|a научные исследования
|
| 610 |
1 |
|
|a электроэнергетические системы
|
| 610 |
1 |
|
|a накопительные конденсаторы
|
| 610 |
1 |
|
|a синхронные машины
|
| 610 |
1 |
|
|a напряжения
|
| 610 |
1 |
|
|a мостовые преобразователи
|
| 610 |
1 |
|
|a оросительные насосные установки
|
| 610 |
1 |
|
|a управление
|
| 610 |
1 |
|
|a научные статьи
|
| 675 |
|
|
|a 621.311.004.13
|v 4
|
| 702 |
|
1 |
|a Мукумбаев
|b Н. К.
|4 340
|
| 712 |
0 |
2 |
|a Академия наук Узбекской ССР (АН УзССР)
|b Институт энергетики и автоматики
|2 stltpush
|3 (RuTPU)RU\TPU\col\11674
|
| 801 |
|
0 |
|a RU
|b RuMRKP
|c 19950704
|g psbo
|
| 801 |
|
1 |
|a RU
|b 63413507
|c 20141216
|
| 801 |
|
2 |
|a RU
|b 63413507
|c 20170413
|g RCR
|
| 942 |
|
|
|c BK
|